Hodnotenie zmestnancov metódou mystery schopping diplomová práca

Saved in:
Bibliographic Details
Main Author: Jalčoviková, Katarína
Corporate Author: Podnikovohospodárska fakulta EU so sídlom v Košiciach. Katedra manažmentu
Other Authors: Bruothová, Michaela, 1979-
Format: Book
Language:Slovak
Published: Košice 2015
Tags: Add Tag
No Tags, Be the first to tag this record!

MARC

LEADER 00000nbm a2200000 4500
001 0202151
005 20161212094351.1
041 0 |a slo 
044 |a SK 
245 1 0 |a Hodnotenie zmestnancov metódou mystery schopping  |b diplomová práca  |c Katarína Jalčoviková ; školiteľ: Michaela Bruothová 
264 1 |a Košice  |c 2015 
300 |a 65 s. 
100 1 |a Jalčoviková, Katarína 
700 1 |a Bruothová, Michaela, 1979- 
710 2 |a Podnikovohospodárska fakulta EU so sídlom v Košiciach. Katedra manažmentu